Clint Eastwood - Roles by Picture - Statistics

General Stats
  • This quiz has been taken 18 times
  • The average score is 11 of 59
Answer Stats
Picture Answer % Correct
Insp. Harold 'Harry' Callahan
100%
The Man with No Name / Joe / Monco / Blondie
75%
Josey Wales
67%
Pvt. Kelly
42%
Frank Morris
33%
Joe Kidd
33%
Rowdy Yates
33%
The Preacher
33%
Bill Munny
25%
Hogan
25%
Lt. Morris Schaffer
25%
Philo Beddoe
25%
Thunderbolt
25%
USSS Agent Frank Horrigan
25%
Walt Coogan
25%
Walt Kowalski
25%
Billy 'Bronco Billy' McCoy
17%
Col. Francis D. 'Frank' Corvin
17%
Dave Garver
17%
Det. Ben Shockley
17%
Frankie Dunn
17%
John McBurney
17%
John Wilson
17%
Mar. Jed Cooper
17%
Nick Pulovski
17%
Robert Kincaid
17%
Steve Everett
17%
The Stranger
17%
Alfred the Fletcher
8%
Burns
8%
Cadet Bob Salter
8%
Carlo
8%
Chief Red Garnett
8%
Corpsman
8%
Dumbo the Pilot
8%
Earl Stone
8%
George Moseley
8%
Gus Lobel
8%
GySgt. Thomas Highway
8%
Jennings
8%
Jet Squadron Leader
8%
Joe Keeley
8%
John Lucas
8%
Jonathan Hemlock
8%
Jonesy
8%
Keith Williams
8%
Lieutenant Speer
8%
Lt. Jack Rice
8%
Luther Whitney
8%
Maj. Mitchell Gant
8%
Mike Milo
8%
Red Hardigan
8%
Red Stovall
8%
Sylvester Newel / Pardner
8%
Terry McCaleb
8%
Tom
8%
Tommy Nowak
8%
Wes Block
8%
Will
8%
No matching quizzes found
Score Distribution
Percent of People with Each Score
Percentile by Number Answered
Your Score History
You have not taken this quiz